Gaming Quiz

Random Gaming or Card Games Quiz

Games By Box Contents Quiz Stats

Quiz Updated Oct 12, 2015

Challenge
Share
Tweet
Embed
Score 0/20 Timer 05:00
1 Play Today
Game % Correct
Battleship
97%
Hungry Hungry Hippos
92.4%
Scrabble
89.2%
Operation
87.4%
Jenga
84.9%
Clue
84.1%
Monopoly
83.8%
Mouse Trap
83%
Yahtzee
82.6%
Candyland
77.2%
Game % Correct
Risk
74.7%
Trivial Pursuit
67.6%
Boggle
64.5%
Connect 4
56.3%
Sorry!
47.6%
Stratego
45.9%
Pictionary
45.7%
The Settlers of Catan
44.4%
Cranium
43.3%
Othello
39.5%

You're not logged in!

Compare scores with friends on all Sporcle quizzes.
Join for Free
OR
Log In

You Might Also Like...

Show Comments

Extras

Top Quizzes Today


Score Distribution

Your Account Isn't Verified!

In order to create a playlist on Sporcle, you need to verify the email address you used during registration. Go to your Sporcle Settings to finish the process.

Report this User

Report this user for behavior that violates our Community Guidelines.

Details: